LEADER 01245nam--2200349---450- 001 990006180690203316 005 20161125151044.0 010 $a978-88-8262-209-1 035 $a000618069 035 $aUSA01000618069 035 $a(ALEPH)000618069USA01 035 $a000618069 100 $a20161125d2010----km-y0itay50------ba 101 $aIta 102 $aIT 105 $a||||||||001yy 200 1 $aValutazione dell'impatto potenziale dei programmi operativi FESR sulla riduzione delle emissioni di gas serra$eQuadro strategico nazionale 2007-2013 210 $aRoma$cENEA$d2010 215 $a152 p.$d30 cm 300 $aIn testa al frontespizio: ENEA; QSN Quadro strategico nazionale; Ministero dello sviluppo economico 606 0 $aEmissioni inquinanti$xControllo [e] Riduzione$2BNCF 676 $a363.738747 712 02$aENEA 801 0$aIT$bsalbc$gISBD 912 $a990006180690203316 951 $a363.738 QUA 1$b21263 E.C.$c363.738$d392463 959 $aBK 969 $aECO 979 $aCHIARA$b90$c20161125$lUSA01$h1507 979 $aCHIARA$b90$c20161125$lUSA01$h1510 996 $aValutazione dell'impatto potenziale dei programmi operativi FESR sulla riduzione delle emissioni di gas serra$91394606 997 $aUNISA LEADER 01636nam 2200457 450 001 9910793077403321 005 20200520144314.0 010 $a1-4232-2033-1 035 $a(CKB)3710000001404185 035 $a(MiAaPQ)EBC4877122 035 $a(Au-PeEL)EBL4877122 035 $a(CaPaEBR)ebr11397764 035 $a(OCoLC)990410905 035 $a(BIP)040407162 035 $a(EXLCZ)993710000001404185 100 $a20190124d2013 uy 0 101 0 $aeng 135 $aurcnu|||||||| 181 $ctxt$2rdacontent 182 $cc$2rdamedia 183 $acr$2rdacarrier 200 00$aAccess 2013 210 1$a[Place of publication not identified] :$cBarCharts, Inc.,$d[2013] 215 $a1 online resource (6 pages) 225 1 $aQuick Study Computer 311 $a1-4232-2026-9 330 8 $aWhether you are learning about Access 2013's new features, making sure you know how to perform tasks from previous versions, or getting to know the software for the first time, this new addition to our line of Office guides will help keep you up to date. As always, screen shots, icons, and color-coded boxes organize information in the format you have come to trust, so you can quickly pick up what's new in Access 2013! 410 0$aQuickStudy computer. 606 $aDatabase management 610 $aDATABASE MANAGEMENT 610 $aCOMPUTERS 615 0$aDatabase management. 676 $a005.7565 700 $aHales$b John$01004982 801 0$bMiAaPQ 801 1$bMiAaPQ 801 2$bMiAaPQ 906 $aBOOK 912 $a9910793077403321 996 $aAccess 2013$93692958 997 $aUNINA LEADER 04273nam 2200865Ia 450 001 996582072203316 005 20230207231017.0 010 $a0-8147-7225-0 010 $a0-8147-7290-0 010 $a1-4416-3661-7 024 7 $a10.18574/9780814772904 035 $a(CKB)2520000000007934 035 $a(EBL)865881 035 $a(OCoLC)779828280 035 $a(SSID)ssj0000340678 035 $a(PQKBManifestationID)11947681 035 $a(PQKBTitleCode)TC0000340678 035 $a(PQKBWorkID)10408069 035 $a(PQKB)10392900 035 $a(StDuBDS)EDZ0001326152 035 $a(MiAaPQ)EBC865881 035 $a(OCoLC)558991451 035 $a(MdBmJHUP)muse10433 035 $a(DE-B1597)547491 035 $a(DE-B1597)9780814772904 035 $a(Au-PeEL)EBL865881 035 $a(CaPaEBR)ebr10356703 035 $a(EXLCZ)992520000000007934 100 $a20090722d2010 uy 0 101 0 $aeng 135 $aur|n|---||||| 181 $ctxt 182 $cc 183 $acr 200 10$aMusical imagiNation$b[electronic resource] $eU.S.-Colombian identity and the Latin music boom /$fMari?a Elena Cepeda 210 $aNew York $cNew York University Press$d2010 215 $a1 online resource (268 p.) 300 $aDescription based upon print version of record. 311 $a0-8147-1692-X 311 $a0-8147-1691-1 320 $aIncludes bibliographical references and index. 327 $tFrontmatter -- $tContents -- $tAcknowledgments -- $tIntroduction -- $t1 La crisis colombiana -- $t2 A Miami Sound Machine -- $t3 Shakira as the Idealized Transnational Citizen -- $t4 Florecita rockera -- $t5 The Colombian Vallenato acá y allá -- $t6 The Colombian Transcultural Aesthetic Recipe -- $tAfterword -- $tNotes -- $tReferences -- $tDiscography -- $tIndex -- $tAbout the Author 330 $aLong associated with the pejorative clichés of the drug-trafficking trade and political violence, contemporary Colombia has been unfairly stigmatized. In this pioneering study of the Miami music industry and Miami?s growing Colombian community, María Elena Cepeda boldly asserts that popular music provides an alternative common space for imagining and enacting Colombian identity. Using an interdisciplinary analysis of popular media, music, and music video, Cepeda teases out issues of gender, sexuality, race, ethnicity, and transnational identity in the Latino/a music industry and among its most renowned rock en español, pop, and vallenato stars.Musical ImagiNation provides an overview of the ongoing Colombian political and economic crisis and the dynamics of Colombian immigration to metropolitan Miami. More notably, placed in this context, the book discusses the creative work and media personas of talented Colombian artists Shakira, Andrea Echeverri of Aterciopelados, and Carlos Vives. In her examination of the transnational figures and music that illuminate the recent shifts in the meanings attached to Colombian identity both in the United States and Latin America, Cepeda argues that music is a powerful arbitrator of memory and transnational identity. 606 $aMusic$xSocial aspects$zUnited States$xHistory$y20th century 606 $aPopular music$zFlorida$zMiami$xHistory and criticism 606 $aPopular music$zColombia$xHistory and criticism 606 $aMusic trade$zFlorida$zMiami 606 $aIdentity (Psychology) and mass media 610 $aColombian. 610 $aImagiNation. 610 $aMiami. 610 $aMusical. 610 $acrisis. 610 $adynamics. 610 $aeconomic. 610 $aimmigration. 610 $ametropolitan. 610 $aongoing. 610 $aoverview. 610 $apolitical. 610 $aprovides. 615 0$aMusic$xSocial aspects$xHistory 615 0$aPopular music$xHistory and criticism. 615 0$aPopular music$xHistory and criticism. 615 0$aMusic trade 615 0$aIdentity (Psychology) and mass media. 676 $a781.64089/68861075938 700 $aCepeda$b Mari?a Elena$01089728 801 0$bMiAaPQ 801 1$bMiAaPQ 801 2$bMiAaPQ 906 $aBOOK 912 $a996582072203316 996 $aMusical imagiNation$93985846 997 $aUNISA LEADER 03708nam 2200781Ia 450 001 9910511507703321 005 20200520144314.0 010 $a0-511-84807-2 010 $a1-107-20910-2 010 $a1-316-60657-0 010 $a1-282-65169-2 010 $a9786612651694 010 $a0-511-76916-4 010 $a0-511-77000-6 010 $a0-511-76693-9 010 $a0-511-76554-1 010 $a0-511-76832-X 035 $a(CKB)2560000000011977 035 $a(EBL)542917 035 $a(OCoLC)645098422 035 $a(SSID)ssj0000414924 035 $a(PQKBManifestationID)11296648 035 $a(PQKBTitleCode)TC0000414924 035 $a(PQKBWorkID)10410154 035 $a(PQKB)10783437 035 $a(UkCbUP)CR9780511770746 035 $a(MiAaPQ)EBC542917 035 $a(EXLCZ)992560000000011977 100 $a20090703d2009 uy 0 101 0 $aeng 135 $aur||||||||||| 181 $ctxt$2rdacontent 182 $cc$2rdamedia 183 $acr$2rdacarrier 200 10$aCoordination in syntax /$fNiina Ning Zhang 210 $aCambridge $cCambridge University Press$d2009 215 $a1 online resource (xix, 273 pages) $cdigital, PDF file(s) 225 1 $aCambridge studies in linguistics ;$v123 300 $aTitle from publisher's bibliographic system (viewed on 05 Oct 2015). 311 $a0-511-77074-X 311 $a0-521-76755-5 320 $aIncludes bibliographical references and index. 327 $aThe complementation structure of coordinate complexes -- The categorial makeup of coordinate complexes -- The conjunct constraint and the lexical properties of coordinators -- The element constraint and the semantic relatedness of conjuncts -- Three puzzles solved by rejecting the CSC -- Relativized parallelism in syntactic complexes -- The derivation of coordinate clauses with identity adjectives -- Forming across-the-board constructions without forking movement. 330 $aCoordination in syntax is an important part of the analysis of sentence structure. Niina Ning Zhang addresses the issues raised by coordinate pairings and the implications of these structures, looking in particular at examples within English and Chinese. The volume covers the major questions regarding coordinates in syntax, providing a fresh perspective to arguments raised within previous literature. She explains how such coordinate complexes are structured, how some coordinators can be combined in parts of speech, the fixed nature of some of these pairings and what changes exist between the coordinate and non-coordinate constructions. The theories raised are backed up by a rich variety of examples as well as providing a cross-linguistic perspective, contextualising these ideas within current syntactic research. 410 0$aCambridge studies in linguistics ;$v123. 606 $aGrammar, Comparative and general$xSyntax 606 $aEnglish language$xSentences 606 $aEnglish language$xGrammar 606 $aEnglish language$xSyntax 606 $aChinese language$xSentences 606 $aChinese language$xGrammar 606 $aChinese language$xSyntax 615 0$aGrammar, Comparative and general$xSyntax. 615 0$aEnglish language$xSentences. 615 0$aEnglish language$xGrammar. 615 0$aEnglish language$xSyntax. 615 0$aChinese language$xSentences. 615 0$aChinese language$xGrammar. 615 0$aChinese language$xSyntax. 676 $a401 700 $aZhang$b Niina Ning$0324449 801 0$bMiAaPQ 801 1$bMiAaPQ 801 2$bMiAaPQ 906 $aBOOK 912 $a9910511507703321 996 $aCoordination in syntax$9766490 997 $aUNINA